| 000 | 00597nam a2200217 a 4500 | ||
|---|---|---|---|
| 001 | BRL_602 | ||
| 005 | 20190320210822.0 | ||
| 008 | 100913s1983----mx-g######---#000-0#spa-# | ||
| 041 | _aspa | ||
| 044 | _amx | ||
| 050 | 4 |
_aML3485 _b.C67 1983 |
|
| 245 | 1 | 0 | _aCorridos del istmo |
| 250 | _a2a ed. | ||
| 260 |
_aJuchitán, Oax. _bH. Ayuntamiento Popular de Juchitán, Oax. _c1983 |
||
| 300 |
_a51 p. _c21 cm. |
||
| 500 | _aAu698 | ||
| 650 | 1 | 4 |
_aMúsica mexicana _zJuchitán, Oaxaca _924406 |
| 650 | 1 | 4 |
_aMúsica popular, canciones, etc. _zJuchitán, Oaxaca _924407 |
| 902 | _aGRL | ||
| 942 |
_2lcc _cB |
||
| 999 |
_c9414 _d9414 |
||